Arte de la escritura y de la caligrafía (teoría y práctica); con un apéndice biobibliográfico de 168 /
Guardado en:
| Autor Principal: | |
|---|---|
| Formato: | Libro |
| Publicado: |
Madrid :
Hernando,
1927
|
| Edición: | 7a. ed. |
| Materias: | |
| Etiquetas: |
Agregar Etiqueta
Sin Etiquetas, Sea el primero en etiquetar este registro!
|
| LEADER | 01031nam a22001935a 4500 | ||
|---|---|---|---|
| 001 | CEM.cems001075 | ||
| 005 | 20060213000000.0 | ||
| 008 | 130507s1927##################000#0#####d | ||
| 003 | CEMS | ||
| 082 | 0 | 4 | |a 652 |
| 100 | 1 | |a Blanco y Sánchez, Rufino | |
| 245 | 1 | 0 | |a Arte de la escritura y de la caligrafía (teoría y práctica); con un apéndice biobibliográfico de 168 / |
| 250 | |a 7a. ed. | ||
| 260 | |a Madrid : |b Hernando, |c 1927 | ||
| 300 | |a 390 p. | ||
| 505 | 0 | |a Origen y desarrollo del arte papelero.-El libro xilogr fico.-La invenci¢n del arte tipogr fico.-El arte tipogr fico en Alemania, en Italia, en Francia, en Holanda, en Bélgica, en Inglaterra, en Espa¤a y en Portugal.-La tipograf¡a e impresi¢n del libro.-Caracter¡sticas de los incunables.-El grabado en la ilustraci¢n del libro.-APENDICE: La imprenta europea en los s. XVI al XVIII.- La imprenta en los s. XVI-XVIII.-El arte tipogr fico en América. | |
| 653 | |a Caligrafia | ||
| 653 | |a Escritura | ||
| 859 | |a CEMS |b BIB. CEMS - 11 de abril |h 652 |i B598a7 |p 10976.82 |t Ej.1 | ||
